Celebrity Before and After II Quiz Stats

 Plays Quiz Updated Dec 11, 2018

Support Sporcle.
Go Orange.
Score 0/20 Timer 07:00
2 Plays Today
Person #1 Hint Answer % Correct
Director of 'Avatar'James Cameron Diaz
74.6%
Star of 'When Harry Met Sally'Meg Ryan Seacrest
72.6%
She experienced a wardrobe malfunction with Justin TimberlakeJanet Jackson Pollock
70.4%
Singer of 'Lucille' & 'Tutti-Frutti'Little Richard Nixon
70.1%
Creator of 'Seinfeld' & 'Curb Your Enthusiasm'Larry David Hasselhoff
65.2%
Famous female American auto racerDanica Patrick Swayze
65.1%
Lead singer of ColdplayChris Martin Luther King, Jr.
62.8%
Actress and ex-wife of Richard Burton, Eddie Fisher, and well a few othersElizabeth Taylor Swift
57.9%
First American to orbit EarthJohn Glenn Close
55.1%
Director of 'Apollo 13' & 'The Da Vinci Code'Ron Howard Hughes
53.2%
Person #1 Hint Answer % Correct
World War II diaristAnne Frank Lloyd Wright
49.9%
#1 NBA draft pick of 2003LeBron James Bond
46.8%
Former 'Tonight Show' late night hostJohnny Carson Daly
43.9%
Author who created the characters Hercule Poirot and Miss MarpleAgatha Christie Brinkley
43.4%
TV chef and talk show hostRachael Ray Charles
42.9%
2008 Presidential election candidateRon Paul Newman
38.8%
Actress who played Carrie BradshawSarah Jessica Parker Posey
36.8%
US President for only 30 daysWilliam Henry Harrison Ford
33.1%
The first overall pick of the 1990 NFL DraftJeff George Carlin
18.4%
Voted Comedy Central's 5th Greatest Stand-Up Comedian of All TimeChris Rock Hudson
9.5%

From the Vault

NCAA D-I Conferences

by Matt

Sports 6m
Sporcle wonders if there is at least one Sporcle user attending a school at every one of these conferences.
Remove Ads.
Support Sporcle.
Get the best of Sporcle when you Go Orange. This ad-free experience offers more features, more stats, and more fun while also helping to support Sporcle. Thank you for becoming a member.

Show Comments

Extras

Top Quizzes Today


Score Distribution

Your Account Isn't Verified!

In order to create a playlist on Sporcle, you need to verify the email address you used during registration. Go to your Sporcle Settings to finish the process.

Report this User

Report this user for behavior that violates our Community Guidelines.

Details: